000 01786cam a22004934i 4500
003 PE-LiUPU
005 20250731173509.0
008 150616s r 000 0 d
020 _a0802823955
035 _a(Sirsi) i9780802823953
040 _aPE-LiUPU
_bspa
_cPE-LiUPU
_erda
049 _aPRUA
082 0 4 _a225.07
_bNIGTC
_221
100 1 _aKnight III, George W.,
_eautor.
245 1 0 _aTimothy and Titus (i.e.) The Pastoral Epistles :
_ba commentary on the Greek Text.
_n54 /
_cGeorge W. Knigth III.
264 1 _aGrand Rapids, Michigan :
_bWilliam B. Eerdmans Publishing Company,
_c1992.
300 _a514 páginas ;
_c24 centímetros
336 _atext
_2rdacontent
337 _aunmediated
_2rdamedia
338 _avolume
_2rdacarrier
490 0 _aThe New International Greek Testament Commentary
504 _aBibliografía; páginas XXII-XXXIV.
505 0 _aComentarios sobre las epístolas pastorales: 1,2 Timoteo y Tito Timoteo Tito.
526 _aSEG42
526 _aSEG41
526 _aSEG40
526 _aSEG39
526 _aP94
526 _aP87
526 _aP86
526 _aP85
526 _aP77
526 _aP76
526 _aP35
630 _aBiblia.
_pN.T.
_pTimoteo I, III
_xComentarios.
630 _aBiblia.
_pN.T.
_pTito
_xComentarios.
910 _ajck
_bjvq
_cjck
942 _2ddc
_cBOOK
949 _a225.07 NIGTC 15
_wDEWEY
_c1
_i40603
_lCCODEBUL1
_mBUL
_r0
_sY
_tBOOK
_u2015-6-16
_xTEOLOGIA
_zUNKNOWN
_0COMPRA
_o.STAFF. Colección General
994 _aC0
_bPEPRU
596 _a1
999 _a225.07 NIGTC 15
_wDEWEY
_c58389
_i40603
_f2021-11-9
_g5
_lCCODEBUL1
_mBUL
_r0
_sY
_tBOOK
_u2015-6-16
_xTEOLOGIA
_zUNKNOWN
_0COMPRA
_o.STAFF. Colección General
_d58389
980 _81
_gALBERTO SANCHEZ Responsable de Automatización